Geography Safe Cracker Challenge #3 - Statistics

General Stats
  • This quiz has been taken 3,605 times
  • The average score is 15 of 32
Answer Stats
Hint Answer % Correct
South African Capitals Cape Town
97%
South African Capitals Pretoria
93%
South African Capitals Bloemfontein
83%
South African Capitals F4G8X3
80%
Countries on Borneo Indonesia
78%
Countries on Borneo Malaysia
77%
Countries on Borneo L5D2K1
76%
Countries on Borneo Brunei
76%
Longest Chinese Rivers Yellow
73%
Longest Chinese Rivers Yangtze
71%
Longest Chinese Rivers T2Y8J5
40%
Longest Chinese Rivers Pearl
39%
Canadian Territories Yukon
36%
Canadian Territories Northwest Territories
34%
Canadian Territories Nunavut
34%
Canadian Territories U6V4F6
33%
Official Belgium Languages French
33%
Official Belgium Languages German
33%
Lowland Countries Belgium
32%
Official Belgium Languages Dutch
32%
Lowland Countries Luxembourg
32%
Lowland Countries Netherlands
32%
Official Belgium Languages B3H8M4
31%
Lowland Countries R6H3T3
31%
"Saint" Countries St. Kitts & Nevis
30%
"Saint" Countries St. Lucia
30%
"Saint" Countries B9C2G1
29%
WWII Axis Powers Italy
29%
WWII Axis Powers Japan
29%
"Saint" Countries St. Vincent & Grenadines
29%
WWII Axis Powers Germany
28%
WWII Axis Powers Q7Q9N3
26%
No matching quizzes found
Score Distribution
Percent of People with Each Score
Percentile by Number Answered
Your Score History
You have not taken this quiz